000 00533nam a2200181Ia 4500
003 GCL
008 140319s9999 xx 000 0 eng d
040 _aGCL /
_cGCL
082 0 4 _a004.67
_bR S
100 1 _aRANDALL, NEIL
245 1 0 _aTHE SOUL OF THE INTERNET NETGOODS, NETIZENS AND THE WIRING OF THE WORLD /
_cRANDALL, NEIL
260 _a[S.N] :
_bINTERNATIONAL THOMSON BUSINESS PRESS ،
_c1997
300 _a369 P
650 0 4 _aشعر الحرب
650 0 4 _aINTERNET
650 0 4 _aINFORMATION - NETWORKS
942 _2ddc
_cBK
999 _c15799
_d15799